01256nam a22002417a 450000500170000001000150001702000260003203500130005803700130007108200180008410000160010224501540011826000390027227000790031130000240039050000670041450502660048165000460074765000470079365000560084065000640089665000540096020130430104855.0 aENG-106943 a9788132109754c595.00 aEN-90476 bDBAD/PUB00a322.509542231 aRay, Ayesha14aThe soldier and the state in India :bnuclear weapons, counterinsurgency, and the transformation of Indian civil-military relations /cby Ayesha Ray aNew DelhibSage Publicationsc2013 a B1/I-1 Mohan Cooperative Industrial Area, Mathura RoadbNew Delhie110044 ax, 170 p.c23cm(Hb) aIncludes bibliographical references (pages 152-162) and index.0 aThe evolution of India's higher defense organization -- Nuclear weapons development in a strategic vacuum -- The effects of Pakistan's nuclear weapons on civil-military relations in India -- The Indian military's role in unconventional operations -- Conclusion. 0aCivil-military relationszIndiaxHistory. 0aNational securityzIndiaxDecision making. 0aNuclear weaponsxGovernment policyzIndiaxHistory. 0aNuclear weaponsxGovernment policyzUnited StatesxHistory. 0aCivil-military relationszUnited StatesxHistory.